<?xml version="1.0" encoding="UTF-8"?>
<marc:record xmlns:marc="http://www.loc.gov/MARC21/slim">
   <marc:leader>00000nam a2200000 a 4500</marc:leader>
   <marc:datafield ind1="1" ind2=" " tag="100">
      <marc:subfield code="a">Piuk, Petra</marc:subfield>
      <marc:subfield code="4">aut</marc:subfield>
      <marc:subfield code="e">Verfasser/-in</marc:subfield>
   </marc:datafield>
   <marc:datafield ind1="0" ind2="0" tag="245">
      <marc:subfield code="a">Toni und Moni</marc:subfield>
   </marc:datafield>
   <marc:datafield ind1="0" ind2="0" tag="245">
      <marc:subfield code="b">oder: Anleitung zum Heimatroman ; Roman</marc:subfield>
   </marc:datafield>
   <marc:datafield ind1="0" ind2="0" tag="245">
      <marc:subfield code="c">Petra Piuk</marc:subfield>
   </marc:datafield>
   <marc:datafield ind1=" " ind2="1" tag="264">
      <marc:subfield code="a">Wien</marc:subfield>
      <marc:subfield code="b">Kremayr &amp; Scheriau</marc:subfield>
   </marc:datafield>
   <marc:datafield ind1="1" ind2=" " tag="520">
      <marc:subfield code="a">Eine schöne Musik, eine heile Familie und eine Liebesgeschichte, das ist das Rezept für einen gelungenen Heimatroman. Schöner und heiler als in Schöngraben an der Rauscher kann die Welt gar nicht sein: heimatverbundene Menschen, ein starkes Wir und eine bevorstehende Hochzeit. Wären da nicht ständig diese Störungen: eine Großcousine, die den Mord in der Familie aufdecken will, eine Moni, die sich in einen Michael verliebt, Figuren, die sich nicht an die Regeln halten, und eine Romanautorin, die mit niederträchtigen Mitteln das glückliche Ende konterkariert. Im Rahmen einer Gebrauchsanweisung entwirft Petra Piuk die provinzielle Antiidylle und zerstört Stück für Stück den Schein einer heilen Welt. Bitterböse und zugleich höchst unterhaltsam führt sie den Heimatroman ad absurdum und hebelt alle Regeln des klassischen Erzählens aus.</marc:subfield>
   </marc:datafield>
   <marc:datafield ind1=" " ind2=" " tag="020">
      <marc:subfield code="a">9783218010795</marc:subfield>
      <marc:subfield code="9">9783218010795</marc:subfield>
   </marc:datafield>
   <marc:datafield ind1="1" ind2=" " tag="521">
      <marc:subfield code="a">0</marc:subfield>
   </marc:datafield>
   <marc:datafield ind1=" " ind2=" " tag="300">
      <marc:subfield code="a">207 Seiten</marc:subfield>
   </marc:datafield>
</marc:record>
